| 000 | 00653cam a2200217 4500 | ||
|---|---|---|---|
| 001 | B894 | ||
| 008 | 090401t1986 xxu||||| |||| 00| 0 eng d | ||
| 035 | _a(Sirsi) u38580 | ||
| 041 | _aeng | ||
| 050 | _a692.8 | ||
| 110 |
_aJoint Contracts Tribunal _93664 |
||
| 245 | _aStandard form of building contract with contractor`s design 1981 edition: amendment 1...insurance and related liability provisions | ||
| 260 |
_aLondon _bRIBA Publications Ltd _c1986 |
||
| 300 | _a14p. ; 30cm. | ||
| 350 | _a1.5 | ||
| 520 | _aCopy of original contract filed at JCT 1981/1A | ||
| 650 |
_aInsurance _96249 |
||
| 650 | _aJCT | ||
| 942 | _n0 | ||
| 948 | _c04/03/1997 | ||
| 999 |
_c90664 _d90664 |
||